| 000 | 00364nam a22001457a 4500 | ||
|---|---|---|---|
| 003 | OSt | ||
| 005 | 20140310182353.0 | ||
| 008 | 131001t xxu||||| |||| 00| 0 eng d | ||
| 020 | _a9780439420808 | ||
| 050 |
_aPZ 7 _b.Ab126 2003 |
||
| 245 |
_aThe coiled viper : _cTim Jessell. |
||
| 260 |
_aNew York : _bScholastic, _c2003. |
||
| 942 |
_2lcc _cBK-GS |
||
| 999 |
_c12421 _d12421 |
||